| 000 | 00000nam##2200000za#4500 |
| 001 | 9.572366 |
| 003 | CaOODSP |
| 005 | 20210929082754 |
| 007 | cr ||||||||||| |
| 008 | 150406|1999||||xxc|||||o f|0| 0 eng|d |
| 040 | |aCaOODSP|beng |
| 043 | |an-cn--- |
| 086 | 1 |aFo29-47/14-1999E-PDF |
| 110 | 1 |aCanada. |bNatural Resources Canada. |bCanadian Forest Service. |
| 245 | 10|aSortyard fines : |h[electronic resource]|bfrom forest waste to resource? / |c[by] C.M. Preston and P. Forrester. |
| 260 | |aVictoria - British Columbia : |bNatural Resources Canada. |cJune 1999. |
| 300 | |a4p.|bgraphs, photographs |
| 490 | 1 |aTechnology transfer note|vNo. 14 |
| 500 | |aThe catalogue number (Fo29-47/14-1999E) and ISBN (0-662-28280-9) for the print edition have been incorrectly copied in this electronic publication. |
| 504 | |aBibliography. |
| 590 | |a11-30-Supp|b2011-12-02 |
| 690 | 07|aWood|2gcpds |
| 690 | 07|aWoodworking industry|2gcpds |
| 690 | 07|aSoil|2gcpds |
| 720 | 1 |aForrester, P. |
| 720 | 1 |aPreston, C. M. |
| 776 | 0#|tSortyard fines - from forest waste to resource?|w(CaOODSP)9.614976 |
| 830 | #0|aTechnology transfer note ;|vNo. 14|w(CaOODSP)9.504768 |
| 856 | 40|ahttp://publications.gc.ca|qPDF|s226 KB|uhttps://publications.gc.ca/collections/Collection/Fo29-47-14-1999E.pdf|yNo. 14 |